[Event "SLO-chT2"]
[Site "Slovenia"]
[Date "2003.05.02"]
[Round "2"]
[White "Vrankic, Zeljko"]
[Black "Zeljko, Janez"]
[Result "1-0"]
[WhiteElo "1927"]
[BlackElo "1787"]
[PlyCount "81"]
[EventDate "2003.05.02"]
[EventType "team"]
[EventRounds "9"]
[EventCountry "SLO"]
[SourceTitle "EXT 2005"]
[Source "ChessBase"]
[SourceDate "2004.11.15"]
[SourceVersion "1"]
[SourceVersionDate "2004.11.15"]
[SourceQuality "1"]

1. e4 e5 2. d4 exd4 3. Qxd4 Nc6 4. Qe3 d6 5. Nc3 Nf6 6. h3 Nb4 7. Bd3 Be6 8. Bd2 Be7 9. Nge2 Nxd3+ 10. Qxd3 c6 11. f4 g6 12. 0-0-0 Qc7 13. Nd4 Bd7 14. g4 0-0-0 15. Kb1 Kb8 16. Rhf1 a6 17. f5 Rhe8 18. Bf4 Ka8 19. Nf3 Bc8 20. Qc4 Bf8 21. Bg5 Bg7 22. Bxf6 Bxf6 23. Nd5 Qa5 24. Nxf6 Re7 25. Nxh7 d5 26. exd5 cxd5 27. Qd3 Rh8 28. fxg6 fxg6 29. Nhg5 Rd8 30. b3 Qb6 31. Rfe1 Rc7 32. Nd4 Rd6 33. Re5 Bd7 34. Rde1 a5 35. a4 Bxa4 36. Re6 Bd7 37. Rxd6 Qxd6 38. Nb5 Bxb5 39. Qxb5 b6 40. Qa6+ Ra7 41. Re8+ 1-0